|
|
|
|
| LEADER |
00000cas a22000004a 4500 |
| 001 |
vtls001293803 |
| 003 |
SK-MaSNL |
| 005 |
20260228163708.0 |
| 008 |
970709d1932uuuuxo ar 0 0b0slo |
| 035 |
|
|
|a SNK000245579
|
| 040 |
|
|
|a SNK
|b slo
|c SNK
|e AACR2
|
| 041 |
0 |
|
|a slo
|
| 044 |
|
|
|a xo
|c SK
|
| 072 |
|
7 |
|a 796
|x Šport. Hry. Telesné cvičenia
|2 konspekt
|
| 080 |
|
|
|a 796.03-053.6
|2 2011
|
| 080 |
|
|
|a (437.6)
|2 2011
|
| 080 |
|
|
|a 050
|2 2011
|
| 080 |
|
|
|a 796.034.2:061
|2 2011
|
| 080 |
|
|
|a (047.1)
|2 2011
|
| 245 |
0 |
0 |
|a Výročná zpráva Československého dorastového sboru pre Slovensko za rok ...
|
| 260 |
|
|
|a Bratislava
|b J.Pocisk a spol.
|c [1932]
|
| 300 |
|
|
|a zv.
|
| 310 |
|
|
|a 1x ročne
|
| 362 |
0 |
|
|a [1931]
|
| 650 |
0 |
7 |
|a telovýchovné organizácie
|2 SNKPH
|9 78448
|
| 655 |
|
7 |
|a výročné správy
|2 SNKPH
|9 70580
|
| 910 |
|
|
|a snk
|
| 999 |
|
|
|c 10344
|d 12274
|
| 952 |
|
|
|0 0
|1 0
|4 0
|7 0
|a SNK
|b SNK
|d 1997-07-09
|l 0
|o snkČSC 2820/1931
|r 2005-01-02 00:00:00
|w 2026-02-21
|y PREZ
|
| 952 |
|
|
|0 0
|1 0
|4 0
|7 0
|8 5
|a SNK
|b SNK
|d 1997-07-09
|i snkF 886/97
|l 0
|o snkČSC 2820/1931 D1
|p 17A0069118
|r 2005-01-02 00:00:00
|w 2026-02-21
|y PREZ
|